000 00751nam a2200193 4500
008 171208b xxu||||| |||| 00| 0 eng d
020 _a0688152473
082 _21998
_aDC 612.82
_bRa14p
100 _924556
_aRamachandran, V. S., author.
245 _aPhantoms in the brain :
_bprobing the mysteries of the human mind /
_cV.S. Ramachandran, and Sandra Blakeslee.
260 _aNew York :
_bWilliam Morrow,
_c©1998.
300 _axix, 328 pages :
_billustrations ;
_c25 cm.
500 _aIncludes bibliographical references and index.
650 0 _924558
_aNeurology
_xPopular works.
650 0 _924559
_aBrain
_xPopular works.
650 0 _924560
_aNeurosciences
_xPopular works.
700 _924557
_aBlakeslee, Sandra, author.
942 _2ddc
_cDC
999 _c7980
_d7980